| 000 | 00603nam a2200217Ia 4500 | ||
|---|---|---|---|
| 999 |
_c45184 _d45184 |
||
| 001 | 12007 | ||
| 003 | GE_BSU | ||
| 005 | 20221121121500.0 | ||
| 008 | 181216s1991en xx |||||||||||||| ||eng|| | ||
| 020 | _a9780553401677x | ||
| 040 | _cGE_BSU | ||
| 041 | _aeng | ||
| 080 | _a821.111-312.4 G-37 | ||
| 100 |
_aGeorge,Elizabeth _915958 |
||
| 245 |
_aWell-Schooled in murder / _cElizabeth George |
||
| 264 |
_aLondon : _bCorgi Books. _c1991. |
||
| 300 |
_a446 p.: _b18 cm. |
||
| 653 | _aWell-Schooled in murder | ||
| 653 | _aმხატვრული ლიტერატურა | ||
| 942 |
_cBK _2udc |
||